| 000 | 00748nam a22002177a 4500 | ||
|---|---|---|---|
| 999 |
_c6219 _d6219 |
||
| 003 | AR-CdUCM | ||
| 008 | 190314b ||||| |||| 00| 0 spa d | ||
| 040 |
_aMUNICIPALIDAD PROVINCIAL DEL CUSCO _cBIBLIOTECA MUNICIPAL DEL CUSCO |
||
| 041 | _hger | ||
| 082 |
_a848.9 / _bM2 |
||
| 100 |
_aMalraux, Andre _98794 |
||
| 245 | _aEl tiempo del desprecio / | ||
| 260 |
_aSantiago : _bNascimento, _c1936. |
||
| 300 |
_a163 páginas ; _c19 cm. |
||
| 500 | _aDonación de la familia Nieto | ||
| 505 | _aContenido: Sino la voluntad de probar -- Hasta enero del 33 -- Una persecución vertiginosa -- La luz era la de una lampara ... | ||
| 650 |
_aPoesía alemana _95205 |
||
| 700 |
_aOscar Vera (traductor) _917929 |
||
| 942 |
_2ddc _cLIBROS |
||
| 945 | _aAndy | ||